Two Countries by Border by Picture #1 - Statistics

General Stats
  • This quiz has been taken 16 times
  • The average score is 17 of 24
Answer Stats
Picture Answer % Correct
China
93%
Guatemala
93%
Lesotho
93%
Russia
93%
South Africa
93%
Mexico
86%
Switzerland
86%
Afghanistan
79%
France
79%
Pakistan
79%
Argentina
71%
Brazil
71%
Guyana
71%
Libya
71%
Sudan
71%
Uruguay
71%
Laos
64%
Thailand
64%
Turkmenistan
64%
Uzbekistan
64%
North Korea
50%
South Korea
50%
Botswana
43%
Zimbabwe
43%
No matching quizzes found
Score Distribution
Percent of People with Each Score
Percentile by Number Answered
Your Score History
You have not taken this quiz